000
00205nam a22000857a 4500
008
160629b xxu||||| |||| 00| 0 eng d
100
_9
1374
_a
Jain, S
245
_a
Learning FoxPro 2.6
260
_a
N.D
_b
Arya
_c
2005
999
_c
1134
_d
1134